000 00760nas a2200253 4500
001 BR2013003023
003 BR-BrBNA
005 20231205122223.0
007 ta
008 230509b bl.|||p| |||| 00| 00por d
040 _aBR-BrBNA
_bpor
_cBiblioteca Nacional de Agricultura
041 _a(En)
072 _aF70
100 1 _aBuzatto, C.
100 1 _aMachado, M.C.
245 1 _aCapanemia Barb. Rodr. (Orchidaceae: Oncidiinae), a new record from Bahia state, Brazil
650 _aORCHIDACEAE
650 _aORQUÍDEA
650 _aTAXNOMIA
650 _aBAHIA
773 0 _tActa Botânica Brasilica (Brazil)
_xISSN 0102-3306
_g(Jan-Mar 2011), v. 25(1) p. 249-251
_wBR2013003023
909 _a202311
_bLúcia
_c55
_dLúcia Elande
942 _2AGRIS
_n0
_cANA
999 _c227543
_d227543